02262cam a2200325 a 4500999001700000001000900017005001700026008004100043010001700084020003800101035002000139040002300159042000800182050002500190060001100215245009300226250001200319260004600331300006000377504005100437505116100488650001901649650001801668650003101686700002401717700002301741700001901764942003201783952012101815 c26002d260021692256220170201161136.0110815s2012 moua b 001 0 eng  a 2011034430 a9780323074612 (pbk. : alk. paper) a(DNLM)101566944 aDNLM/DLCcDLCdDLC apcc00aRT120 b .U73 201210aWY 15400aPriorities in critical care nursing /cLinda D. Urden, Kathleen M. Stacy, Mary E. Lough. a6th ed. aSt. Louis, Mo. :bElsevier/Mosby,cc2012. a1 v. (various pagings) :bill. (chiefly col.) ;c28 cm. aIncludes bibliographical references and index.0 aCaring for the critically ill patient -- Ethical and legal issues -- Patient and family education -- Psychosocial alterations -- Sleep alterations -- Nutritional alterations -- Gerontological alterations -- Pain and pain management -- Sedation, delirium, and alcohol withdrawal syndrome: assessment and management -- End-of-life care -- Cardiovascular clinical assessment and diagnostic procedures -- Cardiovascular disorders -- Cardiovascular therapeutic management -- Pulmonary clinical assessment and diagnostic procedures -- Pulmonary disorders -- Pulmonary therapeutic management -- Neurological clinical assessment and diagnostic procedures -- Neurological disorders and therapeutic management -- Renal clinical assessment and diagnostic procedures -- Renal disorders and therapeutic management -- Gastrointestinal clinical assessment and diagnostic procedures -- Gastrointestinal disorders and therapeutic management -- Endocrine clinical assessment and diagnostic procedures -- Endocrine disorders and therapeutic management -- Trauma -- Shock, sepsis, and multiple organ dysfunction syndrome -- Hematological disorders and oncological emergencies.12aCritical Care.12aNursing Care.22aCritical Illnessxnursing.1 aUrden, Linda Diann.1 aStacy, Kathleen M.1 aLough, Mary E. 2lcccBOOKShRT120 .U73 2012 00102lcc4070aMUCbMUCcTECHd2017-02-01eDonation(BFA)l0oRT120 .U73 2012p33668r2018-08-07w2017-02-01yBOOKS